000
00303nas a2200133 a 4500
001
119197
003
208645
005
20201118120943.0
008
||||||n9999 ||| || ||
245
0
_a
Número - No.63 ( dic 2009 - ene. 2010)
562
_e
7
773
_0
83848
_a
Número
942
_c
SISS
999
_c
119197
_d
119197